| 000 | 00857nam a22002297a 4500 | ||
|---|---|---|---|
| 005 | 20240530110435.0 | ||
| 008 | 150328s2010 ua f 000 e ara d | ||
| 017 |
_a2010/14063 _bمصر . دار الكتب المصرية |
||
| 020 | _a9789770928884 | ||
| 040 | _aEG-CaGPL | ||
| 082 | 0 | 4 |
_221 _a327.117 _bق/ع ث |
| 100 | 0 | _aعادل حمودة | |
| 245 | 1 | 0 |
_aثرثة اخرى فوق النيل : _bرحلاتى الى منابع نهر النيل ( اثيوبيا - اوغندا - السودان ) _cعادل حمودة |
| 250 | _aط1 | ||
| 260 |
_aالقاهرة : _bدار الشروق ، _c2010 |
||
| 300 |
_a175 ص ؛ _c24 سم |
||
| 650 | 0 | 4 | _aادب الرحلات |
| 650 | 0 | 4 |
_aنهر النيل _xمشاكل |
| 650 | 0 | 4 |
_aنهر النيل _xمقالات ومحاضرات |
| 942 |
_2ddc _cBK |
||
| 999 |
_c60935 _d60935 |
||